000 00481nam a2200181Ia 4500
001 8009
005 20260306160537.0
008 260306t2014||||xx |||||||||||||| ||spa||
041 _aESP
082 _a370.09
_bN36
100 _aNegrín-Fajardo, Olegario
_eAUT
245 0 _aHistoria de la educación:
_bde la Grecia clásica a la educación contemporánea
260 _c2014
300 _a298 páginas :
_c24 cm.
650 _aGEN
654 _aCED
942 _cLIB
_dJUS
_fJUS
_2ddc
_n
999 _c8009
_d8009